Warhammer 40K - Adeptus Astartes Unique Units - Statistics

General Stats
  • This quiz has been taken 67 times
  • The average score is 26 of 62
Answer Stats
Hint Answer % Correct
Roboute Guilliman
84%
Lion El'Jonson
72%
Blood Angels Chaplain with Jump Pack
68%
Blood Angels Terminator Assault Squad
68%
Commander Dante
68%
Marneus Calgar with Victrix Honour Guard
68%
Deathwing Knights
64%
Asmodai, Master of Repentance
60%
Chief Librarian Tigurius
60%
Sanguinary Guard
60%
Azrael, Supreme Grand Master
56%
Blood Angels Captain
56%
Lieutenant Demetrian Titus
56%
Salamanders Captain Vulkan He'stan
56%
Baal Predator
52%
Bjorn the Fell-Handed
52%
Mephiston
52%
Ravenwing Bike Squadron
52%
Space Wolves Venerable Dreadnought
52%
Wolf Guard Terminators
52%
Belial, Grand Master of The Deathwing
48%
Blood Angels Librarian in Terminator Armour
48%
Inner Circle Companions
48%
Iron Father Feirros
48%
Thunderwolf Cavalry
48%
Dark Angels Interrogator-Chaplain
44%
Fenrisian Wolves
44%
Kayvaan Shrike
44%
Stormfang Gunship
44%
Wulfen
44%
Sanguiniary Priest
40%
Space Wolves Blood Claws
40%
The Sanguinor
40%
Wolf Lord on Thunderwolf
40%
Adrax Agatone
36%
Captain Uriel Ventris
36%
Ezekiel, Grand Master of Librarians
36%
Kor'sarro Khan
36%
Logan Grimnar on Stormrider
36%
Ravenwing Black Knights
36%
Arjac Rockfist
32%
Ravenwing Darkshroud
32%
Tor Garadon
32%
Astorath the Grim
28%
Cyberwolf
28%
Lemartes
28%
Nephilim Jetfighter
28%
Ravenwing Dark Talon
28%
Sammael
28%
Grey Hunters
24%
Hounds of Morkai
24%
Land Speeder Vengeance
24%
Master Lazarus
24%
Murderfang
24%
Ragnar Blackmane
24%
Canis Wolfborn
20%
Iron Priest
20%
Njal Stormcaller in Terminator Armour
20%
Stormwolf
12%
Wolf Lord Krom
12%
Rune Priest
8%
Ulrik the Slayer
8%
No matching quizzes found
Score Distribution
Percent of People with Each Score
Percentile by Number Answered
Your Score History
You have not taken this quiz